| 000 | 01994nam a2200349 i 4500 | ||
|---|---|---|---|
| 001 | 69263 | ||
| 003 | ES-MaACL | ||
| 005 | 20240207215656.0 | ||
| 007 | t| | ||
| 008 | 040702s1973 sp ||||1| spa d | ||
| 100 | 1 |
_aGarcía Añoveros, Jaime. _954168 |
|
| 245 | 1 | 0 |
_aEstudio general sobre la economía de la provincia de Sevilla / _cJaime García Añoveros. |
| 260 |
_a[Madrid : _bMoneda y Crédito, _c1973] |
||
| 300 |
_a10 v. ; _c27 cm. |
||
| 505 | 8 | _aContiene: T. I: Plan general de inversiones y estudios económicos generales. -- T. II: Población, realidad y posbilidad de la empresa agraria en la provincia de Sevilla / Michel Drain, Ignacio Vázquez. -- T. III: Cultivos agrícolas. -- T. IV: Ganadería / Eloy Gallego Ramos, Luis Ortín Rodríguez. -- T. V: Infraestructura de regadío / Ricardo Grande Covián. -- T. VI: Comercialización e industrialización de productos agrarios / Manual Pérez-Bryan López. -- T. VII: Industria / Juan Luis Alvarez Jurado, Cristobal Rodríguez González. -- T. VIII: Educación / Santos Juliá Díaz, José Cabrera Bazán. -- T. IX: Vivienda-Urbanismo / José María Fernández-Palacios, José María Javierre. -- T. X: Estadísticas / Fausto Sánchez Cano, Fernando Delgado López | |
| 700 | 1 |
_aDrain, Michel. _945577 |
|
| 700 | 1 |
_aVázquez Parladé, Ignacio. _9113469 |
|
| 700 | 1 |
_aGallego Ramos, Eloy. _953584 |
|
| 700 | 1 |
_aOrtín Rodríguez, Luis. _987543 |
|
| 700 | 1 |
_aGrande Covián, Ricardo. _959589 |
|
| 700 | 1 |
_aPérez-Byan López, Manuel. _990689 |
|
| 700 | 1 |
_aAlvárez Jurado, Juan Luis. _920848 |
|
| 700 | 1 |
_aRodríguez González, Cristobal. _998557 |
|
| 700 | 1 |
_aJuliá, Santos, _d1940-2019 _967236 |
|
| 700 | 1 |
_aCabrera Bazán, José. _933303 |
|
| 700 | 1 |
_aFernandez-Palacios, José María. _949981 |
|
| 700 | 1 |
_aJavierre, José María. _966210 |
|
| 700 | 1 |
_aSánchez Cano, F. _9102520 |
|
| 700 | 1 |
_aDelgado López, Fernando. _943463 |
|
| 852 |
_aES-MaACL _jC-54690-99 _bR.87528 |
||
| 999 |
_c69263 _d69263 |
||